| 000 | 00789cam a2200217 a 4500 | ||
|---|---|---|---|
| 001 | 000018101 | ||
| 005 | 20200929165345.0 | ||
| 008 | 721207s1972 xxca 000 0 eng d | ||
| 020 | _a0385050372 | ||
| 040 |
_aDO-SdBNP _beng _cLC _dBNPHU |
||
| 082 |
_a813.5 _bB877d |
||
| 100 | 1 |
_aBrown, Cassie, _d1919-1986 _939238 |
|
| 245 | 1 | 0 |
_aDeath on the ice : _bthe great Newfoundland sealing disaster of 1914 / _cCassie Brown y Harold Horwood. |
| 260 |
_aToronto : _bDoubleday Canada Limited; _aGarden City, New York : _bDoubleday & Company, _c1972. |
||
| 300 |
_axii, 270 p. : _bil. ; _c22 cm. |
||
| 650 | 4 |
_aNovela canadiense _97990 |
|
| 650 | 4 |
_aLiteratura canadiense _ySIGLO XX _97991 |
|
| 700 | 1 |
_aHorwood, Harold Andrew, _d1923- _939239 |
|
| 910 | _aCatalogación por copia / LC | ||
| 049 | _aBNGR | ||
| 999 |
_c17623 _d17623 |
||